<?xml version="1.0" encoding="UTF-8"?><?xml-stylesheet type="text/xsl" href="static/style.xsl"?><OAI-PMH xmlns="http://www.openarchives.org/OAI/2.0/" xmlns:xsi="http://www.w3.org/2001/XMLSchema-instance" xsi:schemaLocation="http://www.openarchives.org/OAI/2.0/ http://www.openarchives.org/OAI/2.0/OAI-PMH.xsd"><responseDate>2026-06-29T01:18:27Z</responseDate><request verb="GetRecord" identifier="oai:docta.ucm.es:20.500.14352/109114" metadataPrefix="marc">https://docta.ucm.es/rest/oai/request</request><GetRecord><record><header><identifier>oai:docta.ucm.es:20.500.14352/109114</identifier><datestamp>2025-03-18T15:30:38Z</datestamp><setSpec>com_20.500.14352_14</setSpec><setSpec>col_20.500.14352_15</setSpec></header><metadata><record xmlns="http://www.loc.gov/MARC21/slim" xmlns:dcterms="http://purl.org/dc/terms/" xmlns:xsi="http://www.w3.org/2001/XMLSchema-instance" xmlns:doc="http://www.lyncode.com/xoai" xsi:schemaLocation="http://www.loc.gov/MARC21/slim http://www.loc.gov/standards/marcxml/schema/MARC21slim.xsd">
   <leader>00925njm 22002777a 4500</leader>
   <datafield ind2=" " ind1=" " tag="042">
      <subfield code="a">dc</subfield>
   </datafield>
   <datafield ind2=" " ind1=" " tag="720">
      <subfield code="a">Gómez Cano, Ana Rosa</subfield>
      <subfield code="e">author</subfield>
   </datafield>
   <datafield ind2=" " ind1=" " tag="720">
      <subfield code="a">García Yelo, Blanca Ana</subfield>
      <subfield code="e">author</subfield>
   </datafield>
   <datafield ind2=" " ind1=" " tag="720">
      <subfield code="a">Hernández Fernández, Manuel</subfield>
      <subfield code="e">author</subfield>
   </datafield>
   <datafield ind2=" " ind1=" " tag="260">
      <subfield code="c">2006</subfield>
   </datafield>
   <datafield ind2=" " ind1=" " tag="520">
      <subfield code="a">En este trabajo hemos analizado la problemática derivada de la posible pérdida de especies asociada a los procesos tafonómicos que se dan en los yacimientos de fósiles, para determinar la posible utilidad de los cenogramas y el análisis bioclimático como metodologías aplicables en Paleoecología.
Podría suponerse que si eliminamos especies en una comunidad se podrían producir cambios significativos en su estructura que convertirían en no funcionales a estas metodologías. El análisis se ha llevado a cabo con los datos de dos comunidades de mamíferos actuales, Barrow (Alaska) y Jaipur (India), de las que hemos eliminado progresivamente especies de forma aleatoria. Los resultados obtenidos nos han permitido concluir que tanto los cenogramas como el análisis bioclimático son útiles en Paleoecología, ya que son funcionales con un nivel de confianza adecuado, siempre y cuando la pérdida de especies no sea excesivamente elevada (en comunidades con un 20-40% de las especies originales).</subfield>
   </datafield>
   <datafield ind2=" " ind1=" " tag="520">
      <subfield code="a">In this work we analyzed the problems derived from the potential species loss associated to the tap-honomic  processes  occurring  in  fossil  sites.  We  seek  to  resolve  the  possible  utility  of  cenograms  andbioclimatic analysis as methodologies applicable in Paleoecology. Supposedly, if species are deleted ina community, significant changes in its structure might appear, which would make these paleoecologicaltechniques  dysfunctional.  The  analysis  has  been  carried  out  with  the  data  of  two  modern  mammaliancommunities,  Barrow  (Alaska)  and  Jaipur  (India),  on  which  we  have  deleted  species  randomly.  Ourresults have allowed us to conclude that these methodologies are useful in Paleoecology, since they arefunctional with a satisfactory level of confidence, as long as the species loss is not excessively elevated(for communities with 20-40% of the original species).</subfield>
   </datafield>
   <datafield ind1="8" ind2=" " tag="024">
      <subfield code="a">Gómez Cano, A. R., García Yelo, B. A., &amp; Hernández Fernández, M. (2006). Cenogramas, análisis bioclimático y muestreo en faunas de mamíferos: implicaciones para la aplicación de métodos de análisis paleoecológico. Estudios Geológicos, 62(1), 135–144. https://doi.org/10.3989/egeol.0662113</subfield>
   </datafield>
   <datafield ind1="8" ind2=" " tag="024">
      <subfield code="a">0367-0449</subfield>
   </datafield>
   <datafield ind1="8" ind2=" " tag="024">
      <subfield code="a">10.3989/egeol.0662113</subfield>
   </datafield>
   <datafield ind1="8" ind2=" " tag="024">
      <subfield code="a">https://hdl.handle.net/20.500.14352/109114</subfield>
   </datafield>
   <datafield ind1="8" ind2=" " tag="024">
      <subfield code="a">1988-3250</subfield>
   </datafield>
   <datafield ind1="8" ind2=" " tag="024">
      <subfield code="a">https://doi.org/10.3989/egeol.0662113</subfield>
   </datafield>
   <datafield ind1="8" ind2=" " tag="024">
      <subfield code="a">https://estudiosgeol.revistas.csic.es/index.php/estudiosgeol/article/view/13</subfield>
   </datafield>
   <datafield ind1="8" ind2=" " tag="024">
      <subfield code="a">https://dialnet.unirioja.es/servlet/articulo?codigo=2314685</subfield>
   </datafield>
   <datafield ind2="0" ind1="0" tag="245">
      <subfield code="a">Cenogramas, análisis bioclimático y muestreo en faunas de mamíferos: implicaciones para la aplicación de métodos de análisis paleoecológico</subfield>
   </datafield>
</record></metadata></record></GetRecord></OAI-PMH>